000
00304nam a2200121Ia 4500
008
191201s2019 xx 000 0 und d
100
_a
MARTIN, John C
245
0
_a
Introduction to languages and the theory of …..
260
_a
N. delhi
_b
TMH
300
_a
543
650
_a
B.Tech(IT)
942
_2
ddc
_c
BK
999
_c
6371
_d
6371